| 000 | 01550nam0a22002771 4500 | ||
|---|---|---|---|
| 001 | rc\4615552 | ||
| 005 | 20250611210209.0 | ||
| 021 |
_aRU _b68-117138 |
||
| 021 |
_aRU _bРг3464-69 |
||
| 035 | _a(NLR Aleph) 008396689 | ||
| 090 |
_a9210552 _c9210552 |
||
| 100 | _a20130416d1966 |||y0rusy50 ca | ||
| 101 | 0 | _arus | |
| 102 | _aRU | ||
| 105 | _ay z ||||| | ||
| 200 | 1 |
_aПрогнозирование платежеспособного спроса населения на товары народного потребления _e(Тезисы доклада) _fГосплан СССР. Науч.-исслед. экон. ин-т АН СССР. Науч. совет по комплексной проблеме "Совершенствование методов и показателей нар. хоз. планирования". Журн. "План. хоз-во". Науч. сессия "Методол. проблемы долгосрочного экон. прогнозирования" |
|
| 210 |
_aМосква _cБ. и. _d1966 |
||
| 215 |
_a8 с. _d20 |
||
| 300 | _aОтпеч. множит. аппаратом | ||
| 700 | 1 |
_aНазаров _bР. С. _cканд. экон. наук _gРавино Савиевич _9216912 _3RU\NLR\AUTH\770216968 |
|
| 712 | 0 | 2 | _a"Методологические проблемы долгосрочного экон. прогнозирования", науч. сессия (1966; Москва) |
| 801 | 0 |
_aRU _bNLR _gpsbo |
|
| 801 | 1 |
_aRU _bELAR _2rusmarc |
|
| 852 |
_aNLR _j69-4/5679 |
||
| 942 | _cBOOK | ||
| 980 | _aNB | ||